000
00318nam a22001337a 4500
020
_a
81-7391-745-0
082
_a
158
_b
SHA/C
100
_a
SHARMA, SHASHI PRABHA
245
_a
CAREER GUIDANCE AND COUNSELLING
260
_a
DELHI
_b
KANISHKA PUBLISHERS
_c
2005
300
_a
430
650
_a
PSYCHOLOGY
_z
INDIA
942
_c
BK
999
_c
5622
_d
5622